| 000 | 00361nam a22001337a 4500 | ||
|---|---|---|---|
| 005 | 20260424085334.0 | ||
| 008 | 260424b |||||||| |||| 00| 0 eng d | ||
| 020 | _a0-8153-4138-5 | ||
| 100 | _aBrown T. A | ||
| 245 |
_aGenomes 3 _c/T. A Brown |
||
| 260 |
_aNew York; _bGarland Science Publishing; _c2007 |
||
| 300 |
_axxii,713p.ill; _c 27.4cm _eCD |
||
| 942 |
_2ddc _cBK _n0 |
||
| 999 |
_c232 _d232 |
||